Quest for the killers /

Bibliographic Details
Main Author: Goodfield, June, 1927-
Format: Book
Language:English
Published: Boston : Birkhauser, [1985]
Subjects:

MARC

Tag First Indicator Second Indicator Subfields
LEADER 00000pam a2200000 a 4500
001 in00000414021
005 20151012063235.0
008 850530s1985 mauaf 00010 eng
010 |a  85013385  
020 |a 0817633138 
035 |a (OCoLC)12162608 
035 |9 ABV9469AM 
039 0 |a 2  |b 3  |c 3  |d 3  |e 3 
040 |a DLC  |c DLC  |d TXA  |d UtOrBLW 
043 |a d------ 
049 |a TXAM  |c [A09667759] 
050 0 0 |a R854.D44  |b G66 1985 
082 0 |a 614.4/09172/4  |2 19 
100 1 |a Goodfield, June,  |d 1927- 
245 1 0 |a Quest for the killers /  |c June Goodfield. 
264 1 |a Boston :  |b Birkhauser,  |c [1985] 
264 4 |c ©1985 
300 |a xiv, 245 pages, 16 unnumbered pages of plates :  |b illustrations (some color) ;  |c 25 cm. 
336 |a text  |b txt  |2 rdacontent 
337 |a unmediated  |b n  |2 rdamedia 
338 |a volume  |b nc  |2 rdacarrier 
500 |a "A Pro scientia viva title." 
650 0 |a Medicine  |x Research  |z Developing countries. 
650 0 |a Medical scientists  |z Developing countries. 
650 0 |a Medicine, Preventive  |z Developing countries. 
999 |a MARS 
999 f f |s 94829e46-c3fa-3085-8535-0b2c8d12f6f8  |i a62ab33a-373e-3ae4-9de4-54e3ba371dab  |t 0 
952 f f |p ric  |a Texas A&M University  |b Rellis Campus  |c Joint Library Facility  |d Remote Storage  |t 0  |e R854.D44 G66 1985  |h Library of Congress classification  |i unmediated -- volume  |m A14809667759 
998 f f |a R854.D44 G66 1985  |t 0  |l Remote Storage